How many letters are used to type all the countries - Statistics

General Stats
  • This quiz has been taken 87 times
  • The average score is 14 of 28
Answer Stats
Amount Letter % Correct
274 A
98%
159 I
92%
148 N
83%
122 E
81%
93 O
73%
100 R
73%
81 S
73%
80 T
72%
71 U
69%
58 M
67%
68 L
66%
1 -
48%
2 X
41%
4 Q
39%
7 J
38%
52 C
36%
47 B
34%
53 D
34%
10 F
31%
47 G
31%
21 K
31%
27 P
31%
14 Z
31%
32 H
30%
18 V
30%
20 Y
30%
11 W
28%
56 Space
3%
No matching quizzes found
Score Distribution
Percent of People with Each Score
Percentile by Number Answered
Your Score History
You have not taken this quiz